00551nam a2200205 a 4500001001300000003000900013005001700022008004100039020001100080082001800091100001900109245005100128260004400179300000800223500003500231505002400266650001800290650001800308700001900326nice12345678IN_TiNIC20260116013205.0050524s1961 hara grp 000 0 eng  ac22.500a297.5692bFUL aFuller, Anne H aBuarijb Portrait of a Lebanese Muslim Village aHarvardbHarvard University Pressc1961 a98p aincludes index and biblioraphy2 aIndex, Bibliography aIslam-Lebanon aLebanon-Islam1 aFuller, Anne H